Obras del V. P. Maestro Fr. Luis de Granada, del Orden de santo Domingo

Detalles Bibliográficos
Autor principal: Luis de Granada, fray, 1504-1588
Formato: Libro
Lenguaje:Spanish
Publicado: en Madrid : por Juan Garcia Infanzon, 1711-
Materias:
Colección:Banco de datos
Acervo:Biblioteca Félix de Jesús Rougier de los Misioneros del Espíritu Santo. Fondo Antiguo
Descripción Física:t. ; 16°
Notas:Portada tipográfica a dos tintas con pleca y grabado central calcográfico. Texto a renglón seguido con apostillas marginales. Incluyen cabeceras de título en grabado xilográfico. Incluyen capitulares floreadas en grabado xilográfico. Cada tomo con portada y numeración. Año de los t. 5, 12, 16, 26 publicados en 1711. Paginación: t. 5 [2] h., 448 p. (1250); t. 12 [1] h., 568 p., [3] h.; t. 16 [2] h., 448 p.; t. 26 [2] h., 413 p. Encuadernación en piel sobre cartón (1259-1262). Sello en tinta de la Bibliotheca Domus S. Filipi a Iesu, Mexici (1259-1262). Sello en tinta del Vicariato de México (1259-1262). Sello en tinta de Domus M. S. S., México (1259-1262). Sello en tinta de la Biblioteca Félix de Jesús Rougier (1259-1262). Daños de humedad (1262)
LEADER 01921nam a22002050004500
035 |a 726 
041 0 |a spa 
100 1 |a Luis de Granada, fray, 1504-1588 
245 1 0 |a Obras del V. P. Maestro Fr. Luis de Granada, del Orden de santo Domingo 
260 |a en Madrid : por Juan Garcia Infanzon, 1711- 
300 |a  t. ; 16° 
500 |a Portada tipográfica a dos tintas con pleca y grabado central calcográfico. Texto a renglón seguido con apostillas marginales. Incluyen cabeceras de título en grabado xilográfico. Incluyen capitulares floreadas en grabado xilográfico. Cada tomo con portada y numeración. Año de los t. 5, 12, 16, 26 publicados en 1711. Paginación: t. 5 [2] h., 448 p. (1250); t. 12 [1] h., 568 p., [3] h.; t. 16 [2] h., 448 p.; t. 26 [2] h., 413 p. Encuadernación en piel sobre cartón (1259-1262). Sello en tinta de la Bibliotheca Domus S. Filipi a Iesu, Mexici (1259-1262). Sello en tinta del Vicariato de México (1259-1262). Sello en tinta de Domus M. S. S., México (1259-1262). Sello en tinta de la Biblioteca Félix de Jesús Rougier (1259-1262). Daños de humedad (1262) 
504 |a Al principio de cada tomo está fe de erratas 
504 |a Al final de cada tomo está el índice de capítulos 
505 0 0 |a t. 5 De la oracion, y meditacion. Parte II. De la devocion.-- t. 12 Adicciones [sic] al memorial de la vida christiana. Parte II. De la vida de Christo.-- t. 16 Symbolo de la fe. Continuacion de la parte II.-- t. 26 Vida del Ilustris. Señor D. Fr. Bartolome de los Martyres, arzobispo de Braga. Y del M. Juan de Avila, predicador apostolico de la Andalucia 
600 1 4 |a Luis de Granada, fray, 1504-1588-Obras 
949 |a Biblioteca Félix de Jesús Rougier, Fondo Antiguo t. 5 (1259); t. 12 (1260); t. 16 (1261); t. 26 (1262)  
942 |c ROUGIER 
943 |g Biblioteca Félix de Jesús Rougier de los Misioneros del Espíritu Santo. Fondo Antiguo 
999 |c 945745  |d 945745